000 00989nam a2200337 i 4500
001 12440
003 ES-MaACL
005 20230906150319.0
007 t|
008 890906s1988 sp ||||0| spa j ..|
015 _a1989-AGO-14830
016 7 _zSAB9000058463
020 _a84-505-6950-8
040 _aM-BN-DP
_bspa
_cM-BN-DP
080 _a308-055.2
080 _a316.356.2
080 _a331-055.2
245 0 0 _aDe puertas adentro /
_cdirigido por María Angeles Durán.
260 _aMadrid :
_bInstituto de la Mujer,
_c1988.
300 _a469 p ;
_c24 cm.
490 1 _aSerie Estudios ;
_v12
504 _aBibliografía.
650 1 4 _aMujeres-
_xSituación social.
_915317
650 4 _aFamilias.
_9153905
650 1 4 _aMujeres-
_xTrabajo.
_915318
700 1 _aDurán, María Ángeles.
_946195
710 2 _aInstituto de la Mujer (España)
_94980
830 0 _aSerie Estudios ;
_v12
_9180699
852 _aES-MaACL
_jL-19719
_bR.123592
999 _c12440
_d12440